[Event "St Veit op-B 36th"]
[Site "St Veit"]
[Date "2017.07.11"]
[Round "5.7"]
[White "Kampl, Walter"]
[Black "Urh, Zala"]
[Result "0-1"]
[WhiteElo "1875"]
[BlackElo "2015"]
[PlyCount "58"]
[EventDate "2017.07.08"]
[EventType "swiss"]
[EventRounds "9"]
[EventCountry "AUT"]
[SourceTitle "EXT 2024"]
[Source "ChessBase"]
[SourceDate "2023.10.10"]
[SourceVersion "1"]
[SourceVersionDate "2023.10.10"]
[SourceQuality "1"]

1. f4 d5 2. Nf3 g6 3. e3 Bg7 4. Be2 Nf6 5. 0-0 0-0 6. d3 b6 7. Ne5 Bb7 8. Nd2 c5 9. Ndf3 Nbd7 10. Qe1 Qc7 11. Qh4 e6 12. g4 Nxe5 13. Nxe5 Ne8 14. Nf3 Nd6 15. c3 b5 16. d4 a5 17. Ng5 h6 18. Nf3 b4 19. Ne5 Ne4 20. cxb4 axb4 21. dxc5 g5 22. Qe1 Bxe5 23. fxe5 Qxc5 24. Bd2 b3 25. Bd3 Nxd2 26. Qxd2 d4 27. Rac1 Qxe5 28. axb3 dxe3 29. Qe2 Qd5 0-1

[Event "AUT-chT2W 1415"]
[Site "Austria"]
[Date "2014.11.29"]
[Round "4.4"]
[White "Ruescher, Christian"]
[Black "Kampl, Walter"]
[Result "1-0"]
[WhiteElo "2041"]
[BlackElo "1891"]
[PlyCount "63"]
[EventDate "2014.10.10"]
[EventType "team-tourn"]
[EventRounds "11"]
[EventCountry "AUT"]
[SourceTitle "CBM 163 Extra"]
[Source "ChessBase"]
[SourceDate "2014.12.23"]
[SourceVersion "1"]
[SourceVersionDate "2014.12.23"]
[SourceQuality "1"]
[WhiteTeam "Dornbirn"]
[BlackTeam "Neumarkt"]
[WhiteTeamCountry "AUT"]
[BlackTeamCountry "AUT"]

1. Nf3 f5 2. d3 Nf6 3. Nbd2 d6 4. e4 e5 5. c3 Nc6 6. exf5 Bxf5 7. Qb3 Na5 8. Qa4+ c6 9. b4 b5 10. Qxa5 Qxa5 11. bxa5 Be7 12. a4 Nd5 13. axb5 cxb5 14. d4 Nxc3 15. dxe5 Rb8 16. Nd4 Bg6 17. Bb2 Na4 18. Nc6 Rb7 19. Nxe7 Kxe7 20. Bd4 Rc8 21. Be2 Nc3 22. Bf3 Rbc7 23. 0-0 b4 24. Rfe1 d5 25. Bg4 Rb8 26. Rac1 h5 27. Bf3 Ke6 28. Nb3 Rbc8 29. h4 Be8 30. Bxc3 Rxc3 31. Rxc3 Rxc3 32. Nd4+ 1-0

[Event "Neumarkt am Wallersee op 13th"]
[Site "Neumarkt am Wallersee"]
[Date "2014.08.26"]
[Round "4"]
[White "Wuppinger, Manfred"]
[Black "Kampl, Walter"]
[Result "1-0"]
[WhiteElo "2119"]
[BlackElo "1912"]
[PlyCount "45"]
[EventDate "2014.08.23"]
[EventType "swiss"]
[EventRounds "9"]
[EventCountry "AUT"]
[SourceTitle "EXT 2016"]
[Source "ChessBase"]
[SourceDate "2015.10.08"]
[SourceVersion "1"]
[SourceVersionDate "2015.10.08"]
[SourceQuality "1"]

1. e4 d5 2. exd5 Nf6 3. Nc3 Nxd5 4. Qf3 Nxc3 5. dxc3 e5 6. Bc4 Qf6 7. Qd5 c6 8. Qe4 Bf5 9. Qe2 Bd6 10. Nf3 h6 11. Bf4 Nd7 12. 0-0-0 0-0-0 13. Be3 Kb8 14. h3 Bc7 15. Rhe1 g5 16. g4 Be6 17. Nd2 Qe7 18. Ne4 f5 19. gxf5 Bxf5 20. Qf3 Rhf8 21. Qg2 Be6 22. Rxd7 Qxd7 23. Nc5 1-0

[Event "Neumarkt am Wallersee op 13th"]
[Site "Neumarkt am Wallersee"]
[Date "2014.08.24"]
[Round "2"]
[White "Kampl, Walter"]
[Black "Fleischer, Frank"]
[Result "0-1"]
[WhiteElo "1912"]
[BlackElo "2205"]
[PlyCount "44"]
[EventDate "2014.08.23"]
[EventType "swiss"]
[EventRounds "9"]
[EventCountry "AUT"]
[SourceTitle "EXT 2016"]
[Source "ChessBase"]
[SourceDate "2015.10.08"]
[SourceVersion "1"]
[SourceVersionDate "2015.10.08"]
[SourceQuality "1"]

1. f4 e6 2. Nf3 Nf6 3. e3 c5 4. b3 b6 5. Bb2 Bb7 6. Be2 Be7 7. 0-0 0-0 8. Qe1 Nc6 9. d3 Nd5 10. Bd1 Bf6 11. Nc3 Ncb4 12. a3 Nxc3 13. Bxc3 Nd5 14. d4 Nxc3 15. Qxc3 Rc8 16. Qd2 cxd4 17. exd4 Qc7 18. Ra2 Qc3 19. Qxc3 Rxc3 20. Be2 Be4 21. Ne5 d6 22. Nf3 Rfc8 0-1